000
00325nam a2200133Ia 4500
008
231129s1986||||xx |||||||||||||| ||spa||
040
_b
spa
082
_a
511.3 A471p
100
_a
Aluma Dominguez Dario
245
0
_a
200 problemas graficos de razonamiento
260
_c
1986
264
_a
Graficas Fenix
942
_2
ddc
_c
BKS
999
_c
4223
_d
4223